UBT Library

ESSENTIALS LAW ETHICS PHARMACY (Record no. 58979)

000 -LEADER
fixed length control field 00344nam a22001457a 4500
008 - FIXED-LENGTH DATA ELEMENTS--GENERAL INFORMATION
fixed length control field 221121b ||||| |||| 00| 0 eng d
020 ## - INTERNATIONAL STANDARD BOOK NUMBER
International Standard Book Number 9781420045567
041 ## - LANGUAGE CODE
Language code of text/sound track or separate title eng
080 ## - UNIVERSAL DECIMAL CLASSIFICATION NUMBER
Edition identifier SECOND EDITION
Universal Decimal Classification number 615
082 ## - DEWEY DECIMAL CLASSIFICATION NUMBER
Classification number 615STR
100 ## - Rafti
Rafti 13
101 ## - Shkurtesa
Shkurtesa FARM
245 ## - TITLE STATEMENT
Title ESSENTIALS LAW ETHICS PHARMACY
Statement of responsibility, etc STRANDBERG M K
942 ## - ADDED ENTRY ELEMENTS (KOHA)
Source of classification or shelving scheme
Item type Books
Holdings
Withdrawn status Lost status Source of classification or shelving scheme Damaged status Not for loan Collection code Permanent location Current location Date acquired Total Checkouts Full call number Barcode Date last seen Price effective from Koha item type
          Koleksioni i përgjithshem UBT - Lipjan UBT - Lipjan 11/21/2022   615STR 002-800028700260781 11/21/2022 11/21/2022 Books
          Koleksioni i përgjithshem UBT - Lipjan UBT - Lipjan 11/21/2022   615STR 002-800028700260782 11/21/2022 11/21/2022 Books
UBT Library © 2015-2024. All rights reserved University Education for Business and Technology